zpět

Detail výsledku týmu

Max Beer Bar, Benešov

Datum a čas kvízu

27.5 Celkem bodů Celkový počet nahraných bodů na tomto kvízu bez doplňovacích otázek.
8. Pořadí na kvízu Konečné umístění týmu na tomto kvízu.

Zaznamenané odpovědi

# Otázka Odpověď Body Výsledky
1. Uveďte název sociální sítě, kt... Lidé (Lidé.cz) 1
2. V médiích se minulý týden obje... ze dřeva 1
3. Minulý týden v pondělí skončil... Neplecha ukončena 0
4. Od středy začalo v České repub... kratom 1
5. Který bývalý slovenský hokejis... Zdeno Chára 1
6. U příležitosti 17. listopadu s... Estonsko 1
7. V říjnu 2025 zemřela italská p... Erasmus 1
8. Asi ještě máte v paměti, že po... 2022 (o rok vedle za půl bodu) 0.5
9. Kterými dvěma písmeny musí být... CE 1
10. Prakticky v celé Evropě se v p... C 0